Дифференциальная геометрия и топология: пер. с англ.

Bibliographische Detailangaben
1. Verfasser: Шварц Дж. Джекоб
Sprache:Russisch
Veröffentlicht: Москва, Мир, 1970
Schlagworte:
Format: MixedMaterials Buch
KOHA link:https://koha.lib.tpu.ru/cgi-bin/koha/opac-detail.pl?biblionumber=179351

MARC

LEADER 00000nam0a2200000 4500
001 179351
005 20231031170312.0
035 |a (RuTPU)RU\TPU\book\194419 
090 |a 179351 
100 |a 20100420d1970 m y0rusy50 ca 
101 1 |a rus  |c eng 
102 |a RU 
105 |a y z 001zy 
200 1 |a Дифференциальная геометрия и топология  |e пер. с англ.  |f Дж. Шварц 
210 |a Москва  |c Мир  |d 1970 
215 |a 224 с.  |c ил. 
320 |a Библиогр.: с. 222-223. 
610 1 |a дифференциальная геометрия 
610 1 |a топология 
610 1 |a теория 
610 1 |a многообразия Грассмана 
610 1 |a теорема Пуанкаре 
610 1 |a Риманова геометрия 
610 1 |a когомологии 
675 |a 514.7  |v 3 
700 1 |a Шварц  |b Дж.  |g Джекоб 
801 1 |a RU  |b 63413507  |c 20100420 
801 2 |a RU  |b 63413507  |c 20150505  |g RCR 
942 |c BK